Electromagnetism / (Record no. 154)

MARC details
000 -LEADER
fixed length control field 01495nam a22003495i 4500
003 - CONTROL NUMBER IDENTIFIER
control field EG-ScBUE
005 - DATE AND TIME OF LATEST TRANSACTION
control field 20250629095417.0
008 - FIXED-LENGTH DATA ELEMENTS--GENERAL INFORMATION
fixed length control field 180917r20041975enka f 001 0 eng d
020 ## - INTERNATIONAL STANDARD BOOK NUMBER
International Standard Book Number 0471927120
020 ## - INTERNATIONAL STANDARD BOOK NUMBER
International Standard Book Number 9780471927129
040 ## - CATALOGING SOURCE
Original cataloging agency EG-ScBUE
Language of cataloging eng
Description conventions rda
Transcribing agency EG-ScBUE
Modifying agency EG-ScBUE
082 04 - DEWEY DECIMAL CLASSIFICATION NUMBER
Classification number 537
Item number GRA
Edition number 22
100 1# - MAIN ENTRY--PERSONAL NAME
Personal name Grant, I. S.
Fuller form of name (Ian S.)
Relator term author.
245 10 - TITLE STATEMENT
Title Electromagnetism /
Statement of responsibility, etc I. S. Grant, W. R. Phillips, Department of Physics, University of Manchester.
250 ## - EDITION STATEMENT
Edition statement Second edition.
264 #1 - PUBLICATION, DISTRIBUTION, ETC. (IMPRINT)
Place of publication, distribution, etc Chichester :
Name of publisher, distributor, etc John Wiley & Sons,
Date of publication, distribution, etc 2004.
300 ## - PHYSICAL DESCRIPTION
Extent xvi, 525 pages :
Other physical details illustrations ;
Dimensions 23 cm.
336 ## - CONTENT TYPE
Source rdacontent
Content type term text
Content type code txt
337 ## - MEDIA TYPE
Media type term unmediated
Source rdamedia
Media type code n
338 ## - CARRIER TYPE
Carrier type term volume
Carrier type code nc
Source rdacarrier
490 0# - SERIES STATEMENT
Series statement The Manchester physics series
500 ## - GENERAL NOTE
General note Includes Appendices.<br/>
500 ## - GENERAL NOTE
General note Includes index.<br/>
520 ## - SUMMARY, ETC.
Summary, etc This text gives the ingredients as well as the formulae for setting up lipophilicity calculations for a great variety of organic molecules. The book is intended for medicinal and pharmaceutical chemists, biochemists and all those who work in allied disciplines.
650 #7 - SUBJECT ADDED ENTRY--TOPICAL TERM
Topical term or geographic name as entry element Electromagnetism.
Source of heading or term BUEsh
653 ## - INDEX TERM--UNCONTROLLED
Resource For college Engineering, General
Arrived date list September2018
655 ## - INDEX TERM--GENRE/FORM
Form subdivision Reading book
700 1# - ADDED ENTRY--PERSONAL NAME
Personal name Phillips, W. R.
Fuller form of name (William Robert)
Relator term author.
856 42 - ELECTRONIC LOCATION AND ACCESS
Materials specified Publisher description
Uniform Resource Identifier <a href="http://www.loc.gov/catdir/description/wiley033/90035818.html">http://www.loc.gov/catdir/description/wiley033/90035818.html</a>
856 42 - ELECTRONIC LOCATION AND ACCESS
Materials specified Table of Contents
Uniform Resource Identifier <a href="http://www.loc.gov/catdir/toc/onix04/90035818.html">http://www.loc.gov/catdir/toc/onix04/90035818.html</a>
942 ## - ADDED ENTRY ELEMENTS (KOHA)
Source of classification or shelving scheme Dewey Decimal Classification
Koha item type Book - Borrowing
Holdings
Withdrawn status Lost status Source of classification or shelving scheme Damaged status Not for loan Collection code Home library Current library Shelving location Date acquired Source of acquisition Cost, normal purchase price Total Checkouts Total Renewals Full call number Barcode Date last seen Date checked out Cost, replacement price Koha item type Price effective from
    Dewey Decimal Classification     Baccah Central Library Central Library First floor 05/02/2006 Purchase 230.00 4 1 537 GRA 000004583 15/07/2025 29/09/2011 287.50 Book - Borrowing  
    Dewey Decimal Classification     Baccah Central Library Central Library First floor 05/02/2006 Purchase 230.00 11 13 537 GRA 000004582 11/10/2025 26/04/2009 287.50 Book - Borrowing  
    Dewey Decimal Classification     Baccah Central Library Central Library First floor 05/02/2006 Purchase 230.00 6 5 537 GRA 000004581 10/02/2026 11/11/2008 287.50 Book - Borrowing  
    Dewey Decimal Classification     Baccah Central Library Central Library First floor 06/09/2005 Purchase 230.00 3   537 GRA 000003087 07/10/2025 30/09/2025 287.50 Book - Borrowing  
    Dewey Decimal Classification     Baccah Central Library Central Library First floor 06/09/2005 Purchase 230.00 5   537 GRA 000003086 15/07/2025   287.50 Book - Borrowing  
    Dewey Decimal Classification     Baccah Central Library Central Library First floor 06/09/2005 Purchase 230.00 7 13 537 GRA 000003085 15/07/2025 28/03/2018 287.50 Book - Borrowing  
    Dewey Decimal Classification     Baccah Central Library Central Library First floor 17/09/2018 Purchase   1   537 GRA 000043486 02/10/2025 28/09/2025   Book - Borrowing 17/09/2018